000
00296nam a2200133Ia 4500
008
191201s2010 xx 000 0 und d
100
_a
ROSS, Stephen A
245
0
_a
Corporate Finance
250
_a
Rep
260
_a
N. delhi
_b
TMH
_c
2010
300
_a
1105
650
_a
MBA
942
_2
ddc
_c
BK
_0
5
999
_c
5345
_d
5345